000 00505nam a2200169 i 4500
001 92824
003 ES-MaACL
005 20230906181052.0
007 t|
008 050328s1972 sp ||||1| spa d
100 1 _aLiungman, Carl G.
_972589
245 1 3 _aEl mito de la inteligencia... /
_cCarl G. Liungman; [traducción de Deerie Persson].
260 _aBarcelona :
_bMartínez Roca,
_c1972.
300 _a223 p. ;
_c20 cm.
700 1 _aPersson, Deerie.
_991404
852 _aES-MaACL
_jC-43542
_bR.82535
999 _c92824
_d92824